MARC details
| 000 -LEADER |
| fixed length control field |
01948cam a22003971i 4500 |
| 001 - CONTROL NUMBER |
| control field |
752035 |
| 003 - CONTROL NUMBER IDENTIFIER |
| control field |
EG-ScBUE |
| 005 - DATE AND TIME OF LATEST TRANSACTION |
| control field |
20251209091731.0 |
| 008 - FIXED-LENGTH DATA ELEMENTS--GENERAL INFORMATION |
| fixed length control field |
730410s2005 ne a f b 001 0 eng |
| 020 ## - INTERNATIONAL STANDARD BOOK NUMBER |
| International Standard Book Number |
8181477081 |
| 020 ## - INTERNATIONAL STANDARD BOOK NUMBER |
| International Standard Book Number |
979818477087 |
| 040 ## - CATALOGING SOURCE |
| Original cataloging agency |
EG-ScBUE |
| Language of cataloging |
eng |
| Description conventions |
rda |
| Transcribing agency |
EG-ScBUE |
| Modifying agency |
EG-ScBUE |
| 041 1# - LANGUAGE CODE |
| Language code of text/sound track or separate title |
eng |
| Language code of original and/or intermediate translations of text |
ger |
| 082 04 - DEWEY DECIMAL CLASSIFICATION NUMBER |
| Classification number |
547.34834 |
| Edition number |
22 |
| Item number |
FEI |
| 100 1# - MAIN ENTRY--PERSONAL NAME |
| Personal name |
Feigl, Fritz, |
| Dates associated with a name |
1891-1971, |
| 9 (RLIN) |
7068 |
| Relator term |
author. |
| 240 10 - UNIFORM TITLE |
| Uniform title |
<a href="Quantitative Analyse mit Hilfe von Tüpfelreaktionen.">Quantitative Analyse mit Hilfe von Tüpfelreaktionen.</a> |
| Language of a work |
English |
| 245 10 - TITLE STATEMENT |
| Title |
Spot tests in organic analysis / |
| Statement of responsibility, etc |
by Fritz Feigl, Eng., D.Sc., Laboratorio da Produção Mineral, Ministério da Agricultura, Rio de Janeiro ; professor at the University of Brazil ; member of the Austrian, Brazilian and Gotenburg Academies of Sciences, in collaboration with Vinzenz Anger, Research Laboratory, Lobachemie, Vienna, Austria ; translated by Ralph E. Oesper, professor emeritus, University of Cincinnati. |
| 250 ## - EDITION STATEMENT |
| Edition statement |
Seventh English edition, completely revised and enlarged. |
| 264 #1 - PUBLICATION, DISTRIBUTION, ETC. (IMPRINT) |
| Place of publication, distribution, etc |
Amsterdam : |
| Name of publisher, distributor, etc |
Elsevier, |
| Date of publication, distribution, etc |
2005. |
| 300 ## - PHYSICAL DESCRIPTION |
| Extent |
xxiii, 772 pages : |
| Other physical details |
illustrations ; |
| Dimensions |
23 cm |
| 336 ## - CONTENT TYPE |
| Source |
rdacontent |
| Content type term |
text |
| Content type code |
txt |
| 337 ## - MEDIA TYPE |
| Media type term |
unmediated |
| Source |
rdamedia |
| Media type code |
n |
| 338 ## - CARRIER TYPE |
| Carrier type term |
volume |
| Carrier type code |
nc |
| Source |
rdacarrier |
| 500 ## - GENERAL NOTE |
| General note |
Translation of the second part of a work originally published under title: Qualitative Analyse mit Hilfe von T�upfelreaktionen. |
| 500 ## - GENERAL NOTE |
| General note |
"Companion volume: Spot tests inorganic analysis." |
| 500 ## - GENERAL NOTE |
| General note |
Includes Appendices.<br/> |
| 504 ## - BIBLIOGRAPHY, ETC. NOTE |
| Bibliography, etc |
Includes bibliographical references and index.<br/> |
| 546 ## - LANGUAGE NOTE |
| Language note |
Text in English ; translated from the original German language.<br/> |
| 650 #7 - SUBJECT ADDED ENTRY--TOPICAL TERM |
| Topical term or geographic name as entry element |
Chemistry, Analytic |
| General subdivision |
Qualitative. |
| 9 (RLIN) |
7069 |
| Source of heading or term |
BUEsh |
| 650 #7 - SUBJECT ADDED ENTRY--TOPICAL TERM |
| Topical term or geographic name as entry element |
Spot tests (Chemistry) |
| 9 (RLIN) |
7070 |
| Source of heading or term |
BUEsh |
| 650 #7 - SUBJECT ADDED ENTRY--TOPICAL TERM |
| Topical term or geographic name as entry element |
Chemistry, Organic. |
| 9 (RLIN) |
7071 |
| Source of heading or term |
BUEsh |
| 655 ## - INDEX TERM--GENRE/FORM |
| Form subdivision |
Reading book |
| 700 1# - ADDED ENTRY--PERSONAL NAME |
| Personal name |
Anger, Vinzenz, |
| Relator term |
author. |
| 700 1# - ADDED ENTRY--PERSONAL NAME |
| Personal name |
Oesper, Ralph E. |
| Fuller form of name |
(Ralph Edward), |
| Dates associated with a name |
1886-1977, |
| Relator term |
translator. |
| 942 ## - ADDED ENTRY ELEMENTS (KOHA) |
| Source of classification or shelving scheme |
Dewey Decimal Classification |
| Koha item type |
Book - Borrowing |